Landen die beginnen met C - Statistieken

Algemene statistieken
  • Deze quiz is 20.756 keer genomen
    19.510 sinds de laatste reset
  • De gemiddelde score is 6 van 10
Antwoordstatistieken
Land % Correct
Canada
73%
China
71%
Colombia
68%
Cambodja
65%
Chili
63%
Comoren
56%
Cuba
56%
Cyprus
54%
Costa Rica
49%
Centraal-Afrikaanse Republiek
42%
Geen overeenkomende quizzen gevonden
Scoreverdeling
Procent van Mensen met Elke Score
Percentiel versus Aantal Correcte Antwoorden
Uw Scoregeschiedenis
U heeft deze quiz nog niet genomen sinds de laatste reset